000 00343nam a2200145Ia 4500
005 20251222143109.0
008 251222s9999||||xx |||||||||||||| ||spa||
020 _a958-9181-82-1
082 _a618.92/P79
100 _aPosada Díaz, Álvaro
245 0 _aEl Niño Sano
250 _a3a.ed.
264 _bMédica Internacional
942 _cLIB
999 _c11118
_d11118